Emlékezés Guczi Ferencre
Elmentve itt :
| Szerző: | |
|---|---|
| Dokumentumtípus: | Cikk |
| Megjelent: |
1983-11-11
|
| Sorozat: | Délmagyarország
73 No. 266 |
| Online Access: | http://dmarchiv.bibl.u-szeged.hu/101630 |
| LEADER | 00414nab a2200145 i 4500 | ||
|---|---|---|---|
| 001 | delm101630 | ||
| 005 | 20190626092909.0 | ||
| 008 | 190626s1983 hu o 0|| hun d | ||
| 040 | |a SZTE Délmagyarország Archívum |b hun | ||
| 041 | |a hun | ||
| 100 | 1 | |a Wiegand Gyula | |
| 245 | 1 | 0 | |a Emlékezés Guczi Ferencre |h [elektronikus dokumentum] / |c Wiegand Gyula |
| 260 | |c 1983-11-11 | ||
| 300 | |a 5 | ||
| 490 | 0 | |a Délmagyarország |v 73 No. 266 | |